Derecho político.

Francisco Elías de Tejada y Spínola (1917-1978), desde 1942 fue catedrático de Derecho natural y Filosofía del derecho sucesivamente en las Universidades de Murcia, Salamanca, Sevilla y Complutense de Madrid. En 1941 firmó también las famosas oposiciones a cátedra de derecho político, a las que conc...

Ausführliche Beschreibung

Gespeichert in:
Bibliographische Detailangaben
1. Verfasser: Tejada, Francisco Elias de (autor)
Format: Buch
Sprache:Englisch
Veröffentlicht: Madrid, España: Fundación Francisco Elías de Tejada; Marcial Pons, 2008.
Schriftenreihe:Colección Prudentia iuris.
Schlagworte:
Tags: Tag hinzufügen
Keine Tags, Fügen Sie den ersten Tag hinzu!

MARC

LEADER 00000nam a22000007a 4500
003 CL-VaPUC
005 20220822114426.0
008 220307b2008 ||||| |||| 00| 0 eng d
999 |c 434731  |d 434729 
020 |a 978-84-9768-518-4 
040 |c Pontificia Universidad Católica de Valparaíso 
082 0 4 |2 22  |a 320.011 TEJ 2008 
100 1 |a Tejada, Francisco Elias de  |e autor  |9 473839 
245 1 0 |a Derecho político.  
260 |a Madrid, España:   |b Fundación Francisco Elías de Tejada;   |b Marcial Pons,   |c 2008. 
300 |a 143 páginas.  
490 0 |a Colección Prudentia iuris. 
500 |a c.1 Donación Familia Prof. Alejandro Guzmán Brito. 
520 |a Francisco Elías de Tejada y Spínola (1917-1978), desde 1942 fue catedrático de Derecho natural y Filosofía del derecho sucesivamente en las Universidades de Murcia, Salamanca, Sevilla y Complutense de Madrid. En 1941 firmó también las famosas oposiciones a cátedra de derecho político, a las que concurrieron los bien significados Eugenio Vegas Latapié y Javier Conde, y que en cambio ganaron los entonces más desconocidos Ignacio de Lojendio y Luis Sánchez Agesta. Sobre la base de la memoria que redactó para la ocasión, publicó luego en 1950, en la Nueva Enciclopedia Jurídica Seix, la voz "Derecho político", que ahora, en el trigésimo aniversario del fallecimiento del autor, recuperamos.  
583 |c 20220307  |k Yessy Stephany Diaz Vidal 
650 1 |a Derecho político  |x Derecho constitucional  |9 869899 
650 1 |a Filosofía del Estado  |v Política y gobierno  |9 869900 
942 |2 ddc  |c BK  |n 0 
952 |0 0  |1 0  |2 ddc  |4 0  |6 320_011000000000000_TEJ_2008  |7 1  |8 C_AGB  |9 581731  |a BIBDER  |b BIBDER  |d 2022-03-07  |e Donación   |i 5649781  |o 320.011 TEJ 2008  |p 5649781  |r 2023-01-25  |t 1  |w 2022-03-07  |y BK_US  |k AGB